000 00870nam a22002657a 4500
001 1478
003 CO-MdFUSB
005 20180622072714.0
008 170321t1951 e ||||| |||| 00| 0 eng d
040 _aCO-MdFUSB
_bspa
_cCO-MdFUSB
_dCO-MdFUSBC
_erda
041 0 _aeng
082 0 4 _aG 206 F334m
100 1 _aFenn, John Eric (Editor)
_eautor
245 1 4 _aThe glorious liberty
_b : The Bible Society's popular report for 1950
_c / John Eric Fenn, Editor
264 4 _aQuenn Victoria, London :
_bBritish and Foreign Bible Society,
_c©1951
300 _a101 Pag.
336 _2rdacontent
_a1
_ba1
337 _2rdamedia
_a2
_b5
338 _2rdacarrier
_a2
_b5
501 _aRústico
505 0 0 _aNoticias sobre la ditribuición de la Biblia en varios paises en 1950
650 7 _aLibertad religiosa
_9287
653 _aSociedades bíblicas - Noticias
942 _cBK
999 _c32798
_d32798